000
00213 a2200097 4500
001
18099
100
_a
Elonko, S
245
_a
Standard Ref & Air Cond Q & Ans
260
_a
_b
McGraw-Hill
_c
090
_c
13393
_d
13393
942
_a
NUST-CAE
_c
M
_c
3773
999
_c
253172
_d
253172